000 00586nam a2200217Ia 4500
005 20260429112216.0
008 260429s9999||||xx |||||||||||||| ||und||
020 _a9788173719233
041 _aEnglish
082 _a004.6782
_bBAH
100 _aBahga, Arshdeep
245 0 _aCloud computing :
_ba hands-on approach /
_cArshdeep Bahga
260 _aIndia :
_bUniversities Press,
_c2014.
300 _a454 p.; pbk
650 _a Cloud computing
650 _a Communications
650 _a Internet
650 _aComputer science
700 _a Madisetti, Vijay
942 _cTB
999 _c52906
_d52906